Controlling poľnohospodárskeho podniku

Gespeichert in:
Bibliographische Detailangaben
1. Verfasser: Pataky, Jozef
Weitere Verfasser: Foltínová, Alžbeta, Serenčéš, Peter, Višňovský, Jozef
Format: Buch
Sprache:Slowakisch
Veröffentlicht: Nitra Agroinštitút Nitra 2010
Schlagworte:
Tags: Tag hinzufügen
Keine Tags, Fügen Sie das erste Tag hinzu!

MARC

LEADER 00000nam a2200000 4500
001 0118000
005 20240502072324.2
020 |a 978-80-7139-135-7 
041 0 |a slo 
044 |a SK 
245 1 0 |a Controlling poľnohospodárskeho podniku  |c Jozef Pataky ... [et al.] 
264 1 |a Nitra  |b Agroinštitút Nitra  |c 2010 
300 |a [39] s. [3,08 AH] 
610 2 0 |a poľnohospodárstvo 
610 2 0 |a podnik poľnohospodársky 
610 2 0 |a riadenie podnikové 
610 2 0 |a kontroling podnikový 
100 1 |a Pataky, Jozef 
700 1 |a Foltínová, Alžbeta 
700 1 |a Serenčéš, Peter 
700 1 |a Višňovský, Jozef